00871cam a2200253 a 450000100100000000500170001000800410002702000150006804000230008308200240010610000290013024500900015925000110024926000320026030000210029249000250031365000320033865000310037083000340040191000280043504900090046395201280047299900170060000001129420260224132158.0800204s1981 sp 001 0 spa  a8430205209 aDO-SdBNPcDLCdDLC a616.61bS618r, 19811 aSintes Pros Jorge92688510aRégimen y cocina para curar las enfermedades de los riñones /cJorge Sintes Pros. a2a ed. aBarcelona :bSintes,c1981. a296 p. ;c22 cm.1 aBiblioteca naturista 0aEnfermedades renales918208 4aDieta para enfermos926886 0aBiblioteca naturista ;926755 aCatalogación derivada aBNGR 001052708MOaGRbGRcCTd2009-10-15iLF1l0o616.61 S618r, 1981p11294-10r2020-06-25w2020-06-25y2ZPréstamo interno c11003d11003